What Will Be Already Exists (Record no. 67498)
[ view plain ]
| 000 -LEADER | |
|---|---|
| fixed length control field | 01603nam a2200265Ii 4500 |
| 008 - FIXED-LENGTH DATA ELEMENTS--GENERAL INFORMATION | |
| fixed length control field | 221202s xx 000 0 und d |
| 245 #0 - TITLE STATEMENT | |
| Title | What Will Be Already Exists |
| 246 ## - VARYING FORM OF TITLE | |
| Title proper/short title | Temporalities of Cold War Archives in East-Central Europe and Beyond |
| 264 #1 - PRODUCTION, PUBLICATION, DISTRIBUTION, MANUFACTURE, AND COPYRIGHT NOTICE | |
| Place of production, publication, distribution, manufacture | Bern |
| Name of producer, publisher, distributor, manufacturer | transcript Verlag |
| Date of production, publication, distribution, manufacture, or copyright notice | 2021 |
| 300 ## - PHYSICAL DESCRIPTION | |
| Extent | 1 online resource (198 pages) |
| 336 ## - CONTENT TYPE | |
| Content type term | text |
| Content type code | txt |
| Source | rdacontent |
| 337 ## - MEDIA TYPE | |
| Media type term | computer |
| Media type code | c |
| Source | rdamedia |
| 338 ## - CARRIER TYPE | |
| Carrier type term | online resource |
| Carrier type code | cr |
| Source | rdacarrier |
| 490 ## - SERIES STATEMENT | |
| Series statement | Image |
| Volume/sequential designation | 200 |
| 520 ## - SUMMARY, ETC. | |
| Summary, etc. | How do artist archives survive and stay authentic in radically changed contexts? The volume addresses the challenge of continuity, sustainability, and institutionalization of archives established by Eastern European artists. At its center stands the 40th anniversary of the Artpool Art Research Center founded in 1979 in Budapest as an underground institution based on György Galántai's »Active Archive« concept. Ten internationally renowned scholars propose contemporary interpretations of this concept and frame artist archives not as mere sources of art history but as models of self-historicization. The contributions give knowledgeable insights into the transition of Cold War art networks and institutional landscapes. |
| 653 ## - INDEX TERM--UNCONTROLLED | |
| Uncontrolled term | (Artist) Archives |
| 653 ## - INDEX TERM--UNCONTROLLED | |
| Uncontrolled term | Cold-War |
| 653 ## - INDEX TERM--UNCONTROLLED | |
| Uncontrolled term | Eastern Europe |
| 653 ## - INDEX TERM--UNCONTROLLED | |
| Uncontrolled term | Historicization |
| 653 ## - INDEX TERM--UNCONTROLLED | |
| Uncontrolled term | Neo-Avant-Garde |
| 700 1# - ADDED ENTRY--PERSONAL NAME | |
| Personal name | Kürti, Emese |
| 700 1# - ADDED ENTRY--PERSONAL NAME | |
| Personal name | László, Zsuzsa |
| 856 ## - ELECTRONIC LOCATION AND ACCESS | |
| Uniform Resource Identifier | <a href="https://library.oapen.org/bitstream/20.500.12657/50830/1/9783839458235.pdfhttps://library.oapen.org/handle/20.500.12657/50830">https://library.oapen.org/bitstream/20.500.12657/50830/1/9783839458235.pdfhttps://library.oapen.org/handle/20.500.12657/50830</a> |
| 942 ## - ADDED ENTRY ELEMENTS (KOHA) | |
| Koha item type | E-Book |
| Withdrawn status | Damaged status | Not for loan | Home library | Current library | Date acquired | Total Checkouts | Date last seen | Price effective from | Koha item type |
|---|---|---|---|---|---|---|---|---|---|
| Directory of Open Access Books | Directory of Open Access Books | 11/28/2022 | 11/28/2022 | 11/28/2022 | E-Book |